Ports maritimes ... / par Cordemoy
Descripción Física:
571 p. : il. ; 19 cm
Materias:
Ports
MARC
| LEADER | 00000nam a2200000Ia 4500 | ||
|---|---|---|---|
| 001 | 18312 | ||
| 008 | 160829s9999 xx 000 0 cat d | ||
| 080 | |a C-2-477 | ||
| 100 | |a Cordemoy, Hubert Jacob de |9 23218 | ||
| 245 | |a Ports maritimes ... / par Cordemoy | ||
| 260 | |a Paris : |b H. Dunod et E. Pinat. 1908 | ||
| 300 | |a 571 p. : |b il. ; |c 19 cm | ||
| 490 | |a Bibliotheque du conducteur de travaux publics | ||
| 590 | |a Text en francès. | ||
| 650 | |a Ports |9 23219 | ||
| 866 | |a 2 | ||
| 901 | |a Arxiu | ||
| 942 | |n 1 | ||
| 952 | |0 0 |1 0 |4 0 |6 C2477 |7 1 |9 42621 |a Arxiu |b Arxiu |d 2016-12-01 |l 0 |o C-2-477 |p 18312 |r 2016-12-01 00:00:00 |w 2016-12-01 |y ARXIU | ||
| 999 | |c 45126 |d 45126 | ||